Normal view MARC view
  • MOZART, WOLFGANG AMADEUS,

Entry Nombre Personal

Number of records used in: 3

001 - NUMERO DE CONTROL

  • campo de control: 17923

003 - IDENTIFICADOR DE NUMERO DE CONTROL

  • campo de control: UPN

005 - FECHA Y HORA DE LA ÜLTIMA TRANSACCIÓN

  • campo de control: 20210219193902.0

008 - DATOS DE LONGITUD FIJA

  • campo de control de longitud fija: nabaccnnaabn|||||||||| b |nc|||||d

035 ## - NUMERO DE CONTROL

  • Número de control: UPN10000017931

040 ## - FUENTE DE CATALOGACIÓN

  • Lenguaje de catalogación: SPA
  • Agencia de transcripción: UPN

100 1# - ENCABEZAMIENTO - NOMBRE PERSONAL

  • Nombre personal: MOZART, WOLFGANG AMADEUS,
  • Fechas asociadas con el nombre: 1756-1791 -
  • Subdivisión de forma: LITERATURA JUVENIL

670 ## - FUENTE EN LA QUE SE LOCALIZARON DATOS

  • Cita de la fuente: LC
  • Información localizada: Mozart, Wolfgang Amadeus, 1756-1791 - Juvenile literature

902 ## - CATALOGADOR

  • Catalogador: BDV/080411